Deutsche Städte mit "P" - Statistiken

Allgemein
  • Dieses Quiz wurde 155 mal gespielt
  • Das Durchschnittsergebnis liegt bei 14 aus 60
Antwortstatistiken
Bundesland Stadt % Korrekt
Brandenburg Potsdam
88%
Nordrhein-Westfalen Paderborn
73%
Baden-Württemberg Pforzheim
72%
Bayern Passau
71%
Schleswig-Holstein Pinneberg
63%
Mecklenburg-Vorpommern Plau am See
62%
Thüringen Plaue
61%
Niedersachsen Peine
60%
Sachsen Plauen
60%
Rheinland-Pfalz Pirmasens
58%
Bayern Pfaffenhofen an der Ilm
55%
Sachsen Pirna
52%
Nordrhein-Westfalen Petershagen
44%
Schleswig-Holstein Plön
39%
Mecklenburg-Vorpommern Parchim
38%
Niedersachsen Papenburg
33%
Baden-Württemberg Pfullingen
31%
Nordrhein-Westfalen Pulheim
30%
Brandenburg Perleberg
27%
Hessen Pfungstadt
27%
Brandenburg Pritzwalk
25%
Baden-Württemberg Pfullendorf
24%
Sachsen Pegau
23%
Nordrhein-Westfalen Porta Westfalica
23%
Sachsen Penig
22%
Brandenburg Prenzlau
21%
Sachsen Pulsnitz
21%
Mecklenburg-Vorpommern Pasewalk
20%
Bayern Pegnitz
16%
Thüringen Pößneck
16%
Rheinland-Pfalz Prüm
16%
Bayern Pappenheim
15%
Sachsen Pausa-Mühltroff
13%
Nordrhein-Westfalen Preußisch Oldendorf
13%
Bayern Pfarrkirchen
12%
Nordrhein-Westfalen Plettenberg
12%
Schleswig-Holstein Preetz
12%
Baden-Württemberg Philippsburg
10%
Baden-Württemberg Plochingen
10%
Bayern Penzberg
9%
Mecklenburg-Vorpommern Putbus
7%
Bayern Plattling
6%
Saarland Püttlingen
6%
Bayern Parsberg
5%
Bayern Pocking
5%
Hessen Pohlheim
5%
Bayern Pottenstein
5%
Bayern Puchheim
4%
Niedersachsen Pattensen
2%
Brandenburg Premnitz
2%
Brandenburg Peitz
1%
Mecklenburg-Vorpommern Penkun
1%
Bayern Pleystein
1%
Sachsen Pockau-Lengefeld
1%
Rheinland-Pfalz Polch
1%
Bayern Pressath
1%
Bayern Prichsenstadt
1%
Brandenburg Putlitz
1%
Mecklenburg-Vorpommern Penzlin
0%
Bayern Pfreimd
0%
Keine übereinstimmenden Quizze gefunden
Verteilung der Resultate
Anzahl Personen mit jedem Resultat
Perzentil nach korrekt beantworteten Fragen
Ihre Resultats-Entwicklung
Sie haben dieses Quiz noch nicht gespielt